[Event "4NCL/Div2c/PPA2 vs. KHE"]
[Site "Sunningdale ENG"]
[Date "2010.05.03"]
[Round "11.4"]
[White "Thomas, Rik H"]
[Black "Hutchinson, Norman A"]
[Result "1/2-1/2"]
[WhiteElo "2220"]
[BlackElo "2092"]
[PlyCount "87"]
[EventDate "2010.05.03"]
[SourceDate "2009.10.24"]

1. Nf3 Nf6 2. g3 c6 3. Bg2 d5 4. b3 Bf5 5. Ba3 Nbd7 6. O-O Qc7 7. d3 e5 8. Bxf8
Nxf8 9. Nbd2 Rd8 10. Qc1 Ng6 11. Qa3 b6 12. c4 d4 13. Rab1 h5 14. h4 e4 15.
dxe4 Nxe4 16. Rb2 c5 17. b4 O-O 18. bxc5 Nxc5 19. Nb3 Ne6 20. Rc1 Ne5 21. Nxe5
Qxe5 22. Rd2 g5 23. hxg5 h4 24. Na1 d3 25. Qb2 Qxb2 26. Rxb2 hxg3 27. fxg3 Nxg5
28. Nb3 Rfe8 29. Kf2 Be4 30. Bf1 Rd6 31. exd3 Rf6+ 32. Kg1 Nf3+ 33. Kg2 Ne1+
34. Kh3 Bf5+ 35. Kh2 Rh6+ 36. Kg1 Nf3+ 37. Kf2 Rh2+ 38. Bg2 Bxd3 39. Kxf3 Be4+
40. Kf4 Bxg2 41. Rcc2 Re4+ 42. Kg5 Re5+ 43. Kf4 Re4+ 44. Kg5 1/2-1/2

[Event "4NCL/Div2c/PPA2 vs. KHE"]
[Site "Sunningdale ENG"]
[Date "2010.05.03"]
[Round "11.5"]
[White "McCorry, Robert T"]
[Black "Mackenzie, Colin"]
[Result "0-1"]
[WhiteElo "2061"]
[BlackElo "2120"]
[PlyCount "64"]
[EventDate "2010.05.03"]
[SourceDate "2009.10.24"]

1. d4 e6 2. c4 Nf6 3. Nf3 b6 4. a3 Be7 5. Nc3 Bb7 6. d5 exd5 7. cxd5 O-O 8. e4
d6 9. Bd3 Nbd7 10. O-O a5 11. Nd4 Nc5 12. Bc2 Re8 13. Nf5 Bc8 14. Nxe7+ Qxe7
15. f3 Nfd7 16. Nb5 Ne5 17. Be3 Ba6 18. a4 Nc4 19. Bxc5 dxc5 20. Qe2 Bxb5 21.
axb5 Nd6 22. Rfe1 Qe5 23. Kh1 Re7 24. f4 Qxf4 25. e5 Rae8 26. Qd3 g6 27. g3 Qg4
28. Qc3 Nxb5 29. Qd3 Rxe5 30. Rxe5 Rxe5 31. Qxb5 Qf3+ 32. Kg1 Re2 0-1

[Event "4NCL/Div2c/PPA2 vs. KHE"]
[Site "Sunningdale ENG"]
[Date "2010.05.03"]
[Round "11.6"]
[White "Stevenson, James AB"]
[Black "McMahon, Paul"]
[Result "1-0"]
[WhiteElo "2097"]
[BlackElo "2043"]
[PlyCount "85"]
[EventDate "2010.05.03"]
[SourceDate "2009.10.24"]

1. e4 d5 2. exd5 Qxd5 3. Nc3 Qd6 4. g3 Nf6 5. Bg2 c6 6. Nge2 Bf5 7. O-O Nbd7 8.
d4 e5 9. Bg5 h6 10. Bxf6 gxf6 11. d5 c5 12. Ne4 Bxe4 13. Bxe4 c4 14. Nc3 a6 15.
a4 Qb4 16. Qf3 Bd6 17. Rfb1 Ke7 18. Kg2 Rab8 19. a5 b6 20. Ra4 Qc5 21. axb6
Rxb6 22. Bf5 Qc7 23. Bxd7 Qxd7 24. Rxc4 f5 25. Qe3 Qb7 26. b3 f6 27. Rd1 Bb4
28. Qf3 Rd6 29. Qxf5 Bxc3 30. Rxc3 Rxd5 31. Qe4 Rb5 32. Qxb7+ Rxb7 33. Rc6 a5
34. Rdd6 Rf8 35. Re6+ Kd7 36. Rxf6 Rc8 37. Rxc8 Kxc8 38. Rf8+ Kd7 39. Rf7+ Kc6
40. Rxb7 Kxb7 41. Kf3 Kc6 42. Ke4 Kd6 43. g4 1-0

[Event "4NCL/Div2c/PPA2 vs. KHE"]
[Site "Sunningdale ENG"]
[Date "2010.05.03"]
[Round "11.7"]
[White "Judkins, Brian D"]
[Black "Davey, Mark"]
[Result "1/2-1/2"]
[WhiteElo "1858"]
[BlackElo "2020"]
[PlyCount "49"]
[EventDate "2010.05.03"]
[SourceDate "2009.10.24"]

1. e4 e5 2. Nf3 Nc6 3. d4 exd4 4. c3 d5 5. exd5 Qxd5 6. cxd4 Bb4+ 7. Nc3 Bg4 8.
Be2 Bxf3 9. Bxf3 Qc4 10. Bxc6+ Qxc6 11. O-O O-O-O 12. Qd3 Ne7 13. Be3 Bxc3 14.
bxc3 g6 15. Rfe1 Nf5 16. Rab1 Rhe8 17. Bd2 Rxe1+ 18. Rxe1 Qa4 19. Bg5 Re8 20.
Rxe8+ Qxe8 21. Qd2 Qb5 22. h3 Qb1+ 23. Kh2 Qe4 24. Bf4 a6 25. f3 1/2-1/2

[Event "4NCL/Div2c/PPA2 vs. KHE"]
[Site "Sunningdale ENG"]
[Date "2010.05.03"]
[Round "11.8"]
[White "Haria, Ravi"]
[Black "Redman, David J"]
[Result "0-1"]
[WhiteElo "1863"]
[BlackElo "1866"]
[PlyCount "120"]
[EventDate "2010.05.03"]
[SourceDate "2009.10.24"]

1. e4 e5 2. Nf3 Nc6 3. Bb5 d6 4. d4 exd4 5. Nxd4 Bd7 6. Nc3 Nxd4 7. Bxd7+ Qxd7
8. Qxd4 Nf6 9. O-O Be7 10. Bg5 a6 11. Qb4 b5 12. Bxf6 Bxf6 13. Nd5 Bd8 14. Qd4
O-O 15. Rad1 c6 16. Ne3 Bc7 17. Nf5 f6 18. Rd3 d5 19. Qc5 Rfe8 20. Re1 Qxf5 21.
Qxc6 dxe4 22. Rd7 Bf4 23. g3 Bh6 24. Ra7 Rac8 25. Qb7 Qh5 26. Rxe4 Rcd8 27. Rh4
Qd1+ 28. Kg2 Qd5+ 29. Qxd5+ Rxd5 30. Rxa6 Rd2 31. a4 bxa4 32. Rc4 Be3 33. Raxa4
Rxf2+ 34. Kh3 h6 35. Re4 Rxe4 36. Rxe4 Bc1 37. c4 Bxb2 38. c5 Rc2 39. Re8+ Kf7
40. Rc8 Be5 41. c6 f5 42. Rh8 Rxc6 43. Kg2 Rc2+ 44. Kf3 Rxh2 45. Ra8 Rh3 46.
Ra5 Rxg3+ 47. Kf2 Kf6 48. Ra6+ Kg5 49. Ra5 Bc7 50. Rd5 Rc3 51. Rd7 g6 52. Rd1
Bb6+ 53. Kg2 h5 54. Rd6 Bc7 55. Ra6 h4 56. Ra1 h3+ 57. Kf2 h2 58. Kg2 Rg3+ 59.
Kf2 f4 60. Rc1 Bb6+ 0-1

[Event "4NCL/Div2d/BRI1 vs. WRO2"]
[Site "Sunningdale ENG"]
[Date "2010.05.02"]
[Round "10.1"]
[White "Rudd, Jack"]
[Black "Shaw, Peter"]
[Result "0-1"]
[WhiteElo "2267"]
[BlackElo "2156"]
[PlyCount "138"]
[EventDate "2010.05.02"]
[SourceDate "2009.10.24"]

1. e4 c6 2. d3 d5 3. Nd2 g6 4. g3 Bg7 5. Bg2 e5 6. Ngf3 Ne7 7. O-O O-O 8. b3 d4
9. Nh4 c5 10. f4 f6 11. a4 Nbc6 12. f5 g5 13. Nhf3 Bd7 14. Nc4 b6 15. Nxg5 fxg5
16. Bxg5 h6 17. Bh4 Bf6 18. Bxf6 Rxf6 19. g4 Nc8 20. h4 Rf7 21. Qe1 Rg7 22. Bh3
Qf6 23. Qg3 Nd6 24. Nd2 Kf8 25. Nf3 Nf7 26. Kh2 Ke7 27. Rg1 Rag8 28. Qf2 Kd8
29. Rg3 Kc7 30. Rag1 Qd8 31. Qd2 Rh8 32. g5 hxg5 33. hxg5 Nd6 34. Kg2 Rgh7 35.
g6 Rg7 36. Rh1 Rgg8 37. Rh2 Qf8 38. Kg1 Qh6 39. Qg5 Qxg5 40. Rxg5 Ne8 41. Bf1
Rxh2 42. Kxh2 Rh8+ 43. Kg3 Kd6 44. Rg4 Ke7 45. Rh4 Rxh4 46. Kxh4 Kf6 47. Nh2
Kg7 48. Ng4 Nf6 49. Be2 Nxg4 50. Bxg4 Kh6 51. Bh3 Nb4 52. g7 Kxg7 53. f6+ Kxf6
54. Bxd7 Nxc2 55. Bb5 Nb4 56. Kh5 Na2 57. Kh6 Nc1 58. Bc4 Ke7 59. Kg5 Kd6 60.
Kf6 a6 61. Kf5 b5 62. axb5 axb5 63. Bxb5 Nxb3 64. Bc4 Nd2 65. Bb5 Nf1 66. Kf6
Ne3 67. Ba6 Nd1 68. Bc4 Nb2 69. Bb5 c4 0-1

[Event "4NCL/Div2d/BRI1 vs. WRO2"]
[Site "Sunningdale ENG"]
[Date "2010.05.02"]
[Round "10.2"]
[White "O'Driscoll, Keiran"]
[Black "Buckley, David E"]
[Result "0-1"]
[WhiteElo "2062"]
[BlackElo "2274"]
[PlyCount "52"]
[EventDate "2010.05.02"]
[SourceDate "2009.10.24"]

1. d4 d6 2. g3 g6 3. Bg2 Bg7 4. Nf3 Nf6 5. O-O O-O 6. c4 Nc6 7. Nc3 Rb8 8. e4
Bg4 9. Be3 Qd7 10. Qc2 Bxf3 11. Bxf3 Ng4 12. Bxg4 Qxg4 13. f3 Qh5 14. Rad1 Qa5
15. a3 e5 16. d5 Nd4 17. Qd3 c5 18. Ne2 b5 19. Nxd4 exd4 20. Bf4 Be5 21. Bxe5
dxe5 22. Rc1 bxc4 23. Qxc4 Rxb2 24. Rfd1 Qxa3 25. Rd3 Qa5 26. Qxc5 Qa2 0-1

[Event "4NCL/Div2d/BRI1 vs. WRO2"]
[Site "Sunningdale ENG"]
[Date "2010.05.02"]
[Round "10.3"]
[White "Franklin, Michael"]
[Black "Lewyk, Ihor"]
[Result "1-0"]
[WhiteElo "2190"]
[BlackElo "2115"]
[PlyCount "67"]
[EventDate "2010.05.02"]
[SourceDate "2009.10.24"]

1. d4 c5 2. e3 cxd4 3. exd4 d5 4. Nf3 Bg4 5. Nbd2 Nc6 6. c3 e6 7. Qa4 Bd6 8.
Bd3 Nge7 9. h3 Bf5 10. Be2 O-O 11. Nh4 h6 12. Nxf5 Nxf5 13. Nf3 a6 14. h4 Qc7
15. h5 Bf4 16. Qd1 b5 17. Bd3 Nfe7 18. Rh4 Bxc1 19. Rxc1 e5 20. dxe5 Nxe5 21.
Nxe5 Qxe5+ 22. Kf1 Rad8 23. Rc2 Qf6 24. g3 Nc6 25. a4 d4 26. axb5 axb5 27. Rf4
Qe6 28. cxd4 Nxd4 29. Rd2 Qb3 30. Bc2 Qc4+ 31. Kg1 Nf3+ 32. Rxf3 Rxd2 33. Qxd2
Ra8 34. Qd3 1-0

[Event "4NCL/Div2d/BRI1 vs. WRO2"]
[Site "Sunningdale ENG"]
[Date "2010.05.02"]
[Round "10.4"]
[White "Faulks, Nick"]
[Black "Collier, David O"]
[Result "1/2-1/2"]
[WhiteElo "2106"]
[BlackElo "2142"]
[PlyCount "73"]
[EventDate "2010.05.02"]
[SourceDate "2009.10.24"]

1. e4 c6 2. d4 d5 3. f3 e6 4. Nc3 Bb4 5. Qd3 b6 6. Nge2 Ba6 7. Qe3 Nf6 8. Bd2
O-O 9. a3 Be7 10. O-O-O c5 11. e5 Nfd7 12. f4 Bxe2 13. Nxe2 b5 14. dxc5 Bxc5
15. Qg3 Qc7 16. Nc3 a6 17. Bd3 Re8 18. Rhf1 Nc6 19. Qh3 Nf8 20. Rf3 b4 21. axb4
Nxb4 22. Na4 Nxd3+ 23. Rxd3 Be7 24. Rc3 Qb7 25. Nc5 Bxc5 26. Rxc5 Rac8 27. Rxc8
Rxc8 28. Bc3 Qd7 29. Qf3 Qa4 30. f5 exf5 31. Rxd5 g6 32. Rd4 Qa1+ 33. Kd2 Ne6
34. Qb7 Re8 35. Qd7 Rb8 36. Qd6 Rc8 37. Qd7 1/2-1/2

[Event "4NCL/Div2d/BRI1 vs. WRO2"]
[Site "Sunningdale ENG"]
[Date "2010.05.02"]
[Round "10.5"]
[White "Dilleigh, Stephen P"]
[Black "Webb, Matthew D"]
[Result "1-0"]
[WhiteElo "2107"]
[BlackElo "1999"]
[PlyCount "65"]
[EventDate "2010.05.02"]
[SourceDate "2009.10.24"]

1. d4 Nf6 2. c4 g6 3. Nc3 Bg7 4. e4 d6 5. Nf3 O-O 6. Be2 e5 7. Be3 Ng4 8. Bg5
f6 9. Bh4 g5 10. Bg3 Nh6 11. d5 Nd7 12. Nd2 f5 13. exf5 Nf6 14. Nde4 Nxe4 15.
Nxe4 Nxf5 16. Bg4 Nd4 17. O-O Bf5 18. Bxf5 Rxf5 19. f3 c5 20. Bf2 Qd7 21. Qd3
Raf8 22. Bxd4 exd4 23. Rae1 g4 24. fxg4 Rxf1+ 25. Rxf1 Rxf1+ 26. Qxf1 Qxg4 27.
Nxd6 Qd7 28. Nf5 a6 29. Qf3 Qe8 30. Qg3 Qe5 31. Qxg7+ Qxg7 32. Nxg7 Kxg7 33.
Kf2 1-0

[Event "4NCL/Div2d/BRI1 vs. WRO2"]
[Site "Sunningdale ENG"]
[Date "2010.05.02"]
[Round "10.6"]
[White "Whitaker, Thomas R"]
[Black "Bennett, Dominic"]
[Result "1/2-1/2"]
[WhiteElo "1954"]
[BlackElo "2098"]
[PlyCount "59"]
[EventDate "2010.05.02"]
[SourceDate "2009.10.24"]

1. d4 d5 2. Nf3 Nf6 3. Bg5 e6 4. e3 a6 5. Bd3 Be7 6. Nbd2 Nbd7 7. O-O c5 8. c3
b5 9. Ne5 Bb7 10. f4 Ne4 11. Bxe7 Qxe7 12. Nxd7 Nxd2 13. Qxd2 Kxd7 14. Rae1 f5
15. b4 c4 16. Be2 Bc6 17. a3 Kc7 18. Ra1 Be8 19. Rfb1 Qh4 20. Bd1 g5 21. Qf2
Qxf2+ 22. Kxf2 g4 23. a4 Bc6 24. axb5 axb5 25. Kg3 Kd6 26. Kh4 Ke7 27. Be2 Rhg8
28. h3 h5 29. hxg4 hxg4 30. Kg3 1/2-1/2

[Event "4NCL/Div2d/BRI1 vs. WRO2"]
[Site "Sunningdale ENG"]
[Date "2010.05.02"]
[Round "10.7"]
[White "Curtis, John E"]
[Black "Birkin, Mark"]
[Result "0-1"]
[WhiteElo "2106"]
[BlackElo "1881"]
[PlyCount "96"]
[EventDate "2010.05.02"]
[SourceDate "2009.10.24"]

1. d4 e6 2. Nd2 d5 3. Ngf3 c5 4. e3 c4 5. e4 Nc6 6. c3 b5 7. g3 Nf6 8. Qe2 Be7
9. Bg2 b4 10. Ne5 Bb7 11. exd5 exd5 12. Nxc6 Bxc6 13. Nxc4 bxc3 14. bxc3 O-O
15. Ne5 Qb6 16. Nxc6 Qxc6 17. Qd3 Rac8 18. Bd2 Rc7 19. O-O Rfc8 20. Rfe1 Qd7
21. Qa6 Rc6 22. Qb5 Qd8 23. Rab1 Qd6 24. Qe2 Bf8 25. Rb3 a5 26. Qb5 a4 27. Rb4
a3 28. Rb3 h6 29. Re5 Qd8 30. Bf4 Qd7 31. Bd2 Qd6 32. Qd3 Rb6 33. Rxb6 Qxb6 34.
Re1 Qb2 35. Rb1 Qxa2 36. Bf4 Ne4 37. Bxe4 dxe4 38. Qd1 Qc4 39. Bd2 Ra8 40. Ra1
Rb8 41. Qe1 Qd3 42. Bf4 Rb2 43. Qc1 Qb5 44. c4 Qb3 45. Bd2 a2 46. Qc3 Rb1+ 47.
Kg2 Qd1 48. Rxa2 Qf1# 0-1

[Event "4NCL/Div2d/BRI1 vs. WRO2"]
[Site "Sunningdale ENG"]
[Date "2010.05.02"]
[Round "10.8"]
[White "Flint, Martina"]
[Black "Zhang, Roy Y"]
[Result "0-1"]
[WhiteElo "1770"]
[BlackElo "2010"]
[PlyCount "170"]
[EventDate "2010.05.02"]
[SourceDate "2009.10.24"]

1. f4 d5 2. g3 Nf6 3. Nf3 g6 4. Bg2 Bg7 5. O-O O-O 6. d3 c5 7. c3 Nc6 8. Qc2
Qb6 9. Kh1 Rd8 10. e4 c4 11. dxc4 Nxe4 12. Qe2 Nf6 13. cxd5 Nxd5 14. Na3 Bf5
15. Qf2 Qa6 16. Rg1 h5 17. Nh4 Bd3 18. Bxd5 Rxd5 19. Nc2 Bf6 20. Nf3 Be4 21. h3
Qb6 22. Ne3 e5 23. Kg2 Rd3 24. Re1 Qc7 25. Kg1 exf4 26. gxf4 Qxf4 27. Nd5 Qd6
28. Nxf6+ Qxf6 29. Ng5 Qxf2+ 30. Kxf2 Bf5 31. Nf3 Bxh3 32. Bg5 Kg7 33. Be3 Rd5
34. Ng5 Bf5 35. Bf4 f6 36. Nf3 g5 37. Rg1 Kf7 38. Bh2 Bg4 39. Rae1 Bxf3 40.
Kxf3 Rd2 41. Re2 Rxe2 42. Kxe2 Rd8 43. Rf1 Ke6 44. Ke3 Ne5 45. Re1 Rd3+ 46. Ke2
Rd7 47. Bg1 a6 48. Bd4 h4 49. Kf2 Kf5 50. Kg2 Rd5 51. Kh3 Kg6 52. Rf1 f5 53.
Rf2 f4 54. Re2 Kf5 55. a3 Nf3 56. Re7 Nxd4 57. cxd4 b5 58. Rf7+ Kg6 59. Rf8
Rxd4 60. Rg8+ Kf5 61. Rf8+ Ke4 62. Kg4 Rd5 63. Rf6 a5 64. Re6+ Re5 65. Rc6 f3
66. Rf6 Kd3 67. Rxf3+ Kc2 68. Rf2+ Kb3 69. Rd2 a4 70. Rf2 Rc5 71. Rd2 Rc2 72.
Rd5 Kxb2 73. Rxb5+ Kxa3 74. Rb6 Rb2 75. Re6 Rb5 76. Re3+ Kb2 77. Re2+ Kc3 78.
Re3+ Kd2 79. Ra3 Ra5 80. Ra2+ Kc3 81. Ra3+ Kb2 82. Re3 a3 83. Re2+ Kc3 84. Re3+
Kd2 85. Rf3 a2 0-1

[Event "4NCL/Div2d/CELT1 vs. BRJ"]
[Site "Sunningdale ENG"]
[Date "2010.05.02"]
[Round "10.1"]
[White "Hetey, Laszlo"]
[Black "Richmond, Peter A"]
[Result "1-0"]
[WhiteElo "2344"]
[BlackElo "2247"]
[PlyCount "95"]
[EventDate "2010.05.02"]
[SourceDate "2009.10.24"]

1. d4 d5 2. Nf3 c6 3. c4 e6 4. Qc2 Nf6 5. e3 Nbd7 6. Nc3 Bd6 7. Bd3 O-O 8. O-O
dxc4 9. Bxc4 e5 10. Rd1 Qe7 11. h3 h6 12. Nh4 Nb6 13. Ng6 Qc7 14. dxe5 Bxe5 15.
Nxe5 Qxe5 16. Bd3 Be6 17. e4 Rad8 18. f4 Qc5+ 19. Qf2 Qxf2+ 20. Kxf2 Bc4 21.
Bc2 Rxd1 22. Bxd1 Bd3 23. Bf3 Re8 24. e5 Nfd5 25. Nxd5 Nxd5 26. Be3 Nxe3 27.
Kxe3 Bf5 28. g4 Bc8 29. Be4 Kf8 30. Rd1 Ke7 31. f5 f6 32. e6 c5 33. h4 Rd8 34.
Rc1 b6 35. b4 Kd6 36. Rd1+ Ke7 37. Rc1 Kd6 38. bxc5+ bxc5 39. Rd1+ Kc7 40. Rc1
Kd6 41. Rc3 Re8 42. Rd3+ Kc7 43. Rd5 Re7 44. Rxc5+ Kd8 45. Kd4 Ba6 46. Bf3 Bc8
47. Rc3 Ba6 48. Kd5 1-0

[Event "4NCL/Div2d/CELT1 vs. BRJ"]
[Site "Sunningdale ENG"]
[Date "2010.05.02"]
[Round "10.2"]
[White "Padilla Cabero, Pablo"]
[Black "Hoffman, Hendrik"]
[Result "1/2-1/2"]
[WhiteElo "2142"]
[BlackElo "2252"]
[PlyCount "40"]
[EventDate "2010.05.02"]
[SourceDate "2009.10.24"]

1. e4 d6 2. Nc3 Nf6 3. g3 e5 4. Bg2 Nc6 5. Nge2 Be7 6. Nd5 Nxd5 7. exd5 Nd4 8.
Nxd4 exd4 9. d3 O-O 10. O-O Bg5 11. f4 Bf6 12. a4 Re8 13. Bd2 Bd7 14. Re1 Rxe1+
15. Bxe1 Qe7 16. a5 Re8 17. Bf3 h6 18. Bf2 g5 19. Qd2 g4 20. Be4 c5 1/2-1/2

[Event "4NCL/Div2d/CELT1 vs. BRJ"]
[Site "Sunningdale ENG"]
[Date "2010.05.02"]
[Round "10.3"]
[White "Maciol, Ryczard"]
[Black "Girdlestone, Paul C"]
[Result "1-0"]
[WhiteElo "2222"]
[BlackElo "2135"]
[PlyCount "48"]
[EventDate "2010.05.02"]
[SourceDate "2009.10.24"]

1. d4 d5 2. c4 dxc4 3. e4 e5 4. Nf3 exd4 5. Bxc4 Nc6 6. O-O Be6 7. Bxe6 fxe6 8.
Qb3 Qd7 9. Qxb7 Rb8 10. Qa6 Nf6 11. Nbd2 Bd6 12. Re1 e5 13. Qc4 Rb4 14. Qc2 O-O
15. Nc4 Kh8 16. Bd2 Rbb8 17. Rac1 Nb4 18. Bxb4 Rxb4 19. Ncxe5 Qb5 20. Nd3 Qh5
21. e5 Ng4 22. h3 Rxf3 23. hxg4 Qxg4 24. exd6 Rb8 1-0

[Event "4NCL/Div2d/CELT1 vs. BRJ"]
[Site "Sunningdale ENG"]
[Date "2010.05.02"]
[Round "10.4"]
[White "Truran, Michael C"]
[Black "Pedersen, Carsten"]
[Result "1/2-1/2"]
[WhiteElo "2215"]
[BlackElo "2157"]
[PlyCount "59"]
[EventDate "2010.05.02"]
[SourceDate "2009.10.24"]

1. d4 Nf6 2. c4 Nc6 3. Nf3 e6 4. a3 d6 5. g3 g6 6. Bg2 Bg7 7. O-O O-O 8. Nc3
Re8 9. h3 a6 10. e3 d5 11. Qe2 Na5 12. Nd2 b5 13. cxb5 axb5 14. b4 Nc4 15. Nxc4
bxc4 16. e4 Bb7 17. e5 Nd7 18. f4 f5 19. Be3 Qe7 20. Bf3 Nb6 21. Qc2 Reb8 22.
Rfb1 Bc6 23. b5 Be8 24. a4 Ra5 25. Ra2 Rba8 26. Rba1 c6 27. Bd2 cxb5 28. axb5
Rxa2 29. Rxa2 Qb7 30. Qb2 1/2-1/2

[Event "4NCL/Div2d/CELT1 vs. BRJ"]
[Site "Sunningdale ENG"]
[Date "2010.05.02"]
[Round "10.5"]
[White "Josse, Mark"]
[Black "Haydon, Richard"]
[Result "1-0"]
[WhiteElo "2096"]
[BlackElo "2184"]
[PlyCount "105"]
[EventDate "2010.05.02"]
[SourceDate "2009.10.24"]

1. e4 g6 2. d4 c6 3. Nc3 d5 4. h3 Bg7 5. Nf3 Nf6 6. e5 Ne4 7. Nxe4 dxe4 8. Ng5
c5 9. c3 cxd4 10. cxd4 Nc6 11. Be3 Qa5+ 12. Qd2 Qxd2+ 13. Kxd2 O-O 14. Rd1 Rd8
15. Ke1 h6 16. Nxe4 Nb4 17. Bc4 Bf5 18. f3 Bxe4 19. fxe4 Nc2+ 20. Ke2 Nxe3 21.
Kxe3 e6 22. g4 Rd7 23. Bb5 Rc7 24. Rc1 Rac8 25. Rxc7 Rxc7 26. Rd1 a6 27. Ba4
Kf8 28. h4 Ke7 29. Kf4 Rc8 30. Ke3 Rc7 31. Kf4 Rc8 32. Bb3 Rd8 33. h5 g5+ 34.
Ke3 Rc8 35. Kd2 Rc7 36. Rc1 Rxc1 37. Kxc1 Kd7 38. Kc2 Kc7 39. Kd3 Kd7 40. Ba4+
Ke7 41. Kc3 Kd8 42. Kb4 b6 43. Bc6 Kc7 44. Be8 f6 45. exf6 Bxf6 46. e5 Bg7 47.
Kc4 Kd8 48. Bc6 Kc7 49. Be8 Kd8 50. Bf7 Ke7 51. Bg6 Kd7 52. Kb4 Bf8+ 53. Kc3
1-0

[Event "4NCL/Div2d/CELT1 vs. BRJ"]
[Site "Sunningdale ENG"]
[Date "2010.05.02"]
[Round "10.6"]
[White "Hall, Daniel J"]
[Black "French, Angus J"]
[Result "0-1"]
[WhiteElo "2138"]
[BlackElo "2096"]
[PlyCount "48"]
[EventDate "2010.05.02"]
[SourceDate "2009.10.24"]

1. e4 Nf6 2. e5 Nd5 3. Nc3 Nxc3 4. dxc3 d6 5. Nf3 g6 6. Bf4 Bg7 7. Bd3 Nc6 8.
Qe2 Bg4 9. Bb5 O-O 10. Bxc6 bxc6 11. O-O-O Qb8 12. exd6 exd6 13. Qc4 Be6 14.
Qa6 c5 15. Rhe1 h6 16. Nd2 Qb6 17. Qxb6 axb6 18. a3 b5 19. Nb3 b4 20. cxb4 cxb4
21. axb4 Ra2 22. Re3 Rfa8 23. Rdd3 Bc4 24. Rd2 Ra1+ 0-1

[Event "4NCL/Div2d/CELT1 vs. BRJ"]
[Site "Sunningdale ENG"]
[Date "2010.05.02"]
[Round "10.7"]
[White "Thomas, Mark"]
[Black "Bourne, Johnathan D"]
[Result "0-1"]
[WhiteElo "2049"]
[BlackElo "2073"]
[PlyCount "50"]
[EventDate "2010.05.02"]
[SourceDate "2009.10.24"]

1. e4 e5 2. d4 exd4 3. c3 d5 4. exd5 Qxd5 5. cxd4 Nc6 6. Nf3 Bg4 7. Be2 O-O-O
8. Nc3 Bb4 9. O-O Qd7 10. Be3 Nf6 11. Rc1 Rhe8 12. a3 Ba5 13. Bb5 Bb6 14. Qa4
Bxf3 15. gxf3 Re6 16. Rfd1 Nd5 17. Bxc6 Rg6+ 18. Kf1 bxc6 19. Ne2 Nxe3+ 20.
fxe3 Qh3+ 21. Ke1 Qxf3 22. Rc3 Re8 23. Kd2 Rge6 24. Qa6+ Kb8 25. Qd3 Qf2 0-1

[Event "4NCL/Div2d/CELT1 vs. BRJ"]
[Site "Sunningdale ENG"]
[Date "2010.05.02"]
[Round "10.8"]
[White "Headlong, Fenella"]
[Black "Owens, Megan R"]
[Result "1/2-1/2"]
[WhiteElo "1906"]
[BlackElo "1774"]
[PlyCount "47"]
[EventDate "2010.05.02"]
[SourceDate "2009.10.24"]

1. e4 c5 2. c3 d5 3. exd5 Qxd5 4. d4 e6 5. Nf3 Nc6 6. Bd3 cxd4 7. cxd4 Nf6 8.
Nc3 Qd8 9. O-O Be7 10. a3 O-O 11. Bc2 h6 12. Qd3 Qc7 13. Re1 Rd8 14. Be3 b6 15.
Nb5 Qd7 16. Qb3 Na5 17. Qa4 a6 18. Nc3 Qc7 19. Bd3 Bb7 20. Rac1 Bc6 21. Qd1 Qd6
22. b4 Nb7 23. Ne5 Rdc8 24. Nxc6 1/2-1/2

[Event "4NCL/Div2d/FCA1 vs. WES1"]
[Site "Sunningdale ENG"]
[Date "2010.05.02"]
[Round "10.1"]
[White "Tippleston, Charles E"]
[Black "Kawuma, Steven Male"]
[Result "1-0"]
[WhiteElo "2137"]
[BlackElo "2202"]
[PlyCount "107"]
[EventDate "2010.05.02"]
[SourceDate "2009.10.24"]

1. e4 c5 2. c3 d5 3. exd5 Qxd5 4. d4 Nf6 5. Nf3 Bg4 6. Be2 e6 7. h3 Bh5 8. O-O
Nc6 9. Be3 cxd4 10. cxd4 Be7 11. Nc3 Qd8 12. Qb3 Rb8 13. Rad1 O-O 14. d5 Na5
15. Qa4 exd5 16. Nxd5 Nxd5 17. Qb5 a6 18. Qxd5 Qxd5 19. Rxd5 Bxf3 20. Bxf3 Nc6
21. Bf4 Rbd8 22. Rfd1 Rxd5 23. Bxd5 Rd8 24. Bc7 Rc8 25. Bb6 Bf6 26. b3 h6 27.
g3 Re8 28. Kf1 g6 29. Bxc6 bxc6 30. Rd6 Re6 31. Rd7 Bc3 32. Ra7 Kg7 33. Be3 a5
34. Ke2 g5 35. Kd3 Be1 36. g4 Kg6 37. Rd7 f6 38. a3 a4 39. bxa4 Re5 40. Rd6 Ra5
41. Ke2 Bc3 42. Rxc6 Bb2 43. Rc4 Rd5 44. Rc5 Rd6 45. a5 Bxa3 46. Rc4 Ra6 47.
Bb6 Bd6 48. Ra4 Kf7 49. Kd3 Ke6 50. Kc4 Kd7 51. Kb5 Ra8 52. a6 Bb8 53. Rd4+ Ke6
54. Rd8 1-0

[Event "4NCL/Div2d/FCA1 vs. WES1"]
[Site "Sunningdale ENG"]
[Date "2010.05.02"]
[Round "10.2"]
[White "Rutter, Nick J"]
[Black "Almond, Richard J"]
[Result "1/2-1/2"]
[WhiteElo "2189"]
[BlackElo "2151"]
[PlyCount "110"]
[EventDate "2010.05.02"]
[SourceDate "2009.10.24"]

1. e4 d5 2. exd5 Qxd5 3. Nc3 Qa5 4. d4 c6 5. Nf3 Nf6 6. Bc4 Bf5 7. Bd2 e6 8.
Nd5 Qd8 9. Nxf6+ gxf6 10. Bb3 Nd7 11. Qe2 a5 12. Nh4 Bg6 13. Nxg6 hxg6 14. d5
cxd5 15. Bxd5 Qc7 16. g3 Rh5 17. Be4 O-O-O 18. O-O-O Nc5 19. Bc3 Rxd1+ 20. Rxd1
Nxe4 21. Qxe4 Be7 22. h4 Rc5 23. Qa4 Qc6 24. Qxc6+ bxc6 25. Rd3 Rf5 26. f3 Bb4
27. g4 Rf4 28. Kd2 e5 29. Bxb4 axb4 30. Ke3 Kc7 31. a3 bxa3 32. Rxa3 Kd6 33.
Ra7 Ke6 34. Rc7 Rc4 35. c3 f5 36. gxf5+ gxf5 37. h5 Kf6 38. Kd3 Rc5 39. c4 e4+
40. fxe4 fxe4+ 41. Kd4 e3 42. Kxe3 Rxc4 43. Kd3 Rc1 44. b4 Kg7 45. h6+ Kxh6 46.
Rxf7 Kg6 47. Rf4 c5 48. Kd2 Rb1 49. bxc5 Rb5 50. Rc4 Kf6 51. Kc3 Ke7 52. Kd4
Kd7 53. Kd5 Rb1 54. Rd4 Kc7 55. Rd3 Rc1 1/2-1/2

[Event "4NCL/Div2d/FCA1 vs. WES1"]
[Site "Sunningdale ENG"]
[Date "2010.05.02"]
[Round "10.3"]
[White "Smith, Graham M"]
[Black "Jenks, Bruce"]
[Result "0-1"]
[WhiteElo "2106"]
[BlackElo "2127"]
[PlyCount "96"]
[EventDate "2010.05.02"]
[SourceDate "2009.10.24"]

1. d4 Nf6 2. c4 c5 3. d5 b5 4. cxb5 a6 5. bxa6 g6 6. Nc3 Bxa6 7. g3 d6 8. Nf3
Bg7 9. Bg2 O-O 10. O-O Nbd7 11. Rb1 Qa5 12. Bd2 Rfb8 13. Qc2 Ng4 14. h3 Nge5
15. Nxe5 Nxe5 16. b3 Bc8 17. Kh2 Qa6 18. a4 Bf5 19. e4 Bd7 20. Rfd1 Qd3 21.
Qxd3 Nxd3 22. f4 f5 23. exf5 Bxf5 24. g4 Bd7 25. Kg3 g5 26. f5 Nf4 27. Bf1 Rb4
28. Bc4 Rxc4 29. bxc4 Bxc3 30. Bxf4 gxf4+ 31. Kxf4 Rxa4 32. Rb7 Rxc4+ 33. Kf3
Ba4 34. Rc1 Kf7 35. g5 Rb4 36. Ra7 Bd2 37. Rg1 Bb3 38. Ke2 Rd4 39. f6 Bc4+ 40.
Kf2 Re4 41. h4 Be3+ 42. Kf3 Bxd5 43. Rd1 Bd4 44. Kg3 Re3+ 45. Kf4 h5 46. Rc1
Re4+ 47. Kg3 Rg4+ 48. Kh2 Be5+ 0-1

[Event "4NCL/Div2d/FCA1 vs. WES1"]
[Site "Sunningdale ENG"]
[Date "2010.05.02"]
[Round "10.4"]
[White "Yeo, Michael J"]
[Black "Reuben, Stewart"]
[Result "1-0"]
[WhiteElo "2152"]
[BlackElo "2152"]
[PlyCount "87"]
[EventDate "2010.05.02"]
[SourceDate "2009.10.24"]

1. e4 c5 2. Nf3 g6 3. d4 cxd4 4. Nxd4 Bg7 5. Nc3 Nc6 6. Be3 Nf6 7. Bc4 O-O 8.
Bb3 a6 9. f3 b5 10. Nxc6 dxc6 11. e5 Qxd1+ 12. Rxd1 Ne8 13. f4 Nc7 14. h3 Ne6
15. O-O Rd8 16. g4 Bh6 17. Rxd8+ Nxd8 18. Bb6 Be6 19. f5 Bxb3 20. axb3 Kf8 21.
Ne4 gxf5 22. gxf5 Rb8 23. Bd4 Nb7 24. f6 Rd8 25. Bb6 Rd5 26. fxe7+ Kxe7 27. Nf6
Bg7 28. Nxd5+ cxd5 29. Bc7 Ke6 30. b4 f6 31. exf6 Bxf6 32. Ra1 Bxb2 33. Rxa6+
Kd7 34. Bf4 Bc3 35. Rh6 Bxb4 36. Rxh7+ Kc6 37. h4 Bc5+ 38. Kf1 Bd4 39. Ke2 Nc5
40. Rh6+ Kb7 41. Be3 Bxe3 42. Kxe3 b4 43. Kd4 b3 44. cxb3 1-0

[Event "4NCL/Div2d/FCA1 vs. WES1"]
[Site "Sunningdale ENG"]
[Date "2010.05.02"]
[Round "10.5"]
[White "Brown, Alan M"]
[Black "Simons, Martin J"]
[Result "0-1"]
[WhiteElo "2118"]
[BlackElo "2200"]
[PlyCount "52"]
[EventDate "2010.05.02"]
[SourceDate "2009.10.24"]

1. d4 Nf6 2. c4 c5 3. d5 b5 4. cxb5 a6 5. b6 a5 6. e3 d6 7. Nc3 g6 8. Nf3 Bg7
9. Be2 O-O 10. O-O Nbd7 11. e4 Nxb6 12. Nd2 a4 13. Rb1 Nfd7 14. Qc2 Ba6 15.
Bxa6 Rxa6 16. b3 Qa8 17. Bb2 axb3 18. axb3 Qb7 19. Ra1 Rfa8 20. Rxa6 Rxa6 21.
Ra1 Rxa1+ 22. Bxa1 Qa6 23. Bb2 Ne5 24. Na4 Nxa4 25. bxa4 Qe2 26. h3 Nd3 0-1